1513 1769 1977 1889 1747 1632 1267 1585 1879 1165 1902 1363 1596 1674 1967 1430 1253 1410 1977 1851 1849 1416 1773 1806 1844 1903 1168 1711 1683 1602 1072 1128 1231 1556 1837 1930 1889 1803 1348 1313 1579 1937 1482 1510 1032 1814 1145 1431 1481 1584 1393 1003 1861 1944 1414 1399 1473 1739 1983 1120 1362 1120 1877 1885 1538 1676 1983 1212 1485 1051 1413 1892 1787 1842 1880 1785 1897 1750 1456 1131 1101 1925 1486 1928 1293 1871 1429 1593 1392 1986 1398 1513 1675 1068 1897 1124 1007 1082 1185 BCNSPRNW ULIB Ver.6.0+V

เปลี่ยนเป็นภาษาไทย

Change to English
 แสดงรายละเอียดบรรณานุกรม
  กลับหน้าหลัก

Brief Record : Get Marc (ISO 2709) : E-mail record : QR code < ปิดหน้าต่าง
LEADER : 00000nam 2200000uu 4500
001    13399122611
003     ULIB
008    130816s2555||||th 000 0 tha d
020    ^a9786167448268
060 04 ^aWJ342^bพ199ต
100 0  ^aพนิดา กุลประสูติดิลก
245 10 ^aไตวาย การควบคุม ดูแลรักษา และการป้องกัน /^cพนิดา กุลประสูติดิลก
250    ^aพิมพ์ครั้งที่ 2
260    ^aกรุงเทพฯ :^bFeel good,^c2555
300    ^a191 หน้า :^bภาพประกอบ ;^c21 ซม.
650  4 ^aไตวาย^xการป้องกันและควบคุม
650  4 ^aไตวาย^xการรักษา
945    ^p155^l0^i033766
945    ^p155^l0^i033767
999    ^aทศพร
รายการนี้ยังไม่มีแท็ก
คุณยังไม่ได้ล็อกอิน คุณสามารถมีกิจกรรมร่วมกับเว็บไซต์ได้ แต่ต้องล็อกอินก่อน ::
  ล็อกอิน

รายการสื่อสารสนเทศ

ลำดับที่ ประเภท เลขเรียก/บาร์โค้ด สถานที่ สถานะ
1. วิทยาศาสตร์การแพทย์ และสุขภาพ
หนังสือสำรอง
สถานะ=หนังสือสำรอง
WJ342 พ199ต ฉ.1 
  Barcode: 033766
ห้องสมุดวิทยาเขตสวรรค์ประชารักษ์
►หนังสือทั่วไป
ถูกยืม กำหนดส่งวันที่ 28 กันยายน 2567
  จอง
2. วิทยาศาสตร์การแพทย์ และสุขภาพ
วิทยาศาสตร์การแพทย์ และสุขภาพ
WJ342 พ199ต ฉ.2 
  Barcode: 033767
ห้องสมุดวิทยาเขตสวรรค์ประชารักษ์
►ส่วนจัดเก็บหนังสือเก่า สปร
บนชั้น
  ขอยืม

รายการใกล้เคียง
    ผู้แต่ง [พนิดา กุลประสูติดิลก]

BibComment


ยังไม่เคยถูกคอมเมนท์

คอมเมนท์ทรัพยากรรายการนี้
  คอมเมนท์: ไตวาย การควบคุม ..


 Copyright 2026. Bcnsprnw @Library